00346nam a22001457a 4500003000400000008004100004020001800045082001500063100001900078245005000097250000800147260002900155300000800184650000800192OSt220215b ||||| |||| 00| 0 eng d a9789386873521 a006.68 LAR aLANDER,Jareo P aR for Everone:Advanced Analytics and Graphics a2nd aNew DelhibPearsonc2022 a511 aBCA